00815cam a22002771 4500001001300000003000400013005001700017008004100034010001700075035002000092040001800112042001200130043001200142050001700154100003400171245010800205260001100313300002700324500001400351504003900365650002200404650001500426700003200441740004700473999001700520sa 67006006 DLC20260227112402.0890602s1966 ii b 000 0 hino  asa 67006006  a(OCoLC)19806185 aDLCcWaUdDLC apremarc aa-ii---00aLA1151b.P291 aPathak, Suresh Prasad,d1928-10aBhāratīya śikshā kī tatkālīna samasyāyeṃ.bContemporary problems of Indian education. c[1966] aii, 355, ii p.c23 cm. aIn Hindi. aBibliography: p. i-ii (last group) 0aEducationzIndia. 0aEducation.1 aSharma, Mukund Devi,d1926-0 aContemporary problems of Indian education. c75607d75607